| 000 | 00491nam a22001577a 4500 | ||
|---|---|---|---|
| 008 | 191128b xxu||||| |||| 00| 0 eng d | ||
| 020 | _a9789814878531 | ||
| 050 | _aRA 652.2.M3 .H441 2020 | ||
| 100 | _aBush, Heather.-- | ||
| 245 |
_aBiostatistics and Epidemiology / _cHeather M. Bush; Caroline A. Macera, Richard Shaffer and Peggy M. Shaffer |
||
| 260 |
_aSingapore _bCengage _c2020 |
||
| 300 | _aix, 506 pages. | ||
| 690 | _aBiostatistics | ||
| 690 | _aEpidemiology | ||
| 942 |
_2lcc _cBK |
||
| 999 |
_c362728 _d362728 |
||